Statistiken für Die tödlichsten Krankheiten

Klicken Sie hier um das Quiz zu spielen!

Allgemein

  • Dieses Quiz wurde 409 mal gespielt
  • Das Durchschnittsergebnis liegt bei 7 aus 15

Antwortstatistiken

HintAntwort% Korrekt
200 - 500 Mil.Pest
90%
Min. 20 Mil.COVID19 / Corona
89%
500.000 pro JahrGrippe
74%
40 Mil.HIV / AIDS
69%
Mehrere Mil.
400.000 pro Jahr
Malaria
58%
über 11.000
Ebola
54%
Über 50 Mil.
Spanische Grippe
48%
Mehrere Mil.
100.000 pro Jahr
Cholera
40%
5 - 8. MilPocken
33%
140.000 pro JahrMasern
29%
Mehrere Mil.
1,5 Mil. pro Jahr
Tuberkulose
22%
Mehrere Mil.
800.000 pro Jahr
Hepatitis B
18%
30.000 pro JahrGelbfieber
14%
22.000 pro JahrDengue-Fieber
11%
Mehrere Mil.
200.000 pro Jahr
Typhus
10%

Verteilung der Resultate

Perzentil nach korrekt beantworteten Fragen

Anzahl Personen mit jedem Resultat

Ihre Resultats-Entwicklung

Sie haben dieses Quiz noch nicht gespielt